FC Schalke 04 - Torschützen 2006/07 - Statistiken

Allgemein
  • Dieses Quiz wurde 68 mal gespielt
  • Das Durchschnittsergebnis liegt bei 8 aus 14
Antwortstatistiken
Tore Spieler % Korrekt
15 Kevin Kurányi
97%
2 Gerald Asamoah
80%
3 Bordon
76%
3 Lincoln
71%
1 Mladen Krstajić
63%
2 Rafinha
63%
2 Christian Pander
58%
6 Peter Løvenkrands
51%
6 Halil Altintop
46%
2 Hamit Altintop
46%
3 Levan Kobiashvili
32%
1 Dario Rodríguez
31%
2 Gustavo Varela
31%
2 Zlatan Bajramović
24%
Keine übereinstimmenden Quizze gefunden
Verteilung der Resultate
Anzahl Personen mit jedem Resultat
Perzentil nach korrekt beantworteten Fragen
Ihre Resultats-Entwicklung
Sie haben dieses Quiz noch nicht gespielt